Introducción al trabajo social /

Bibliographic Details
Main Author: Ander-Egg, Ezequiel
Format: Libro
Language:Spanish
Published: Buenos Aires Lumen 1996
Series:Política, servicios y trabajo social
Subjects:
Online Access:

MARC

LEADER 00000cam a2200000 a 4500
001 012805
003 UAHC_CL
005 20170803120942.0
008 010822b1996 ag 000 spa
020 |a 9507244158 
040 |a UAHC_CL  |c UAHC_CL  |d UAHC_CL 
082 0 4 |a 361 M715 
100 1 |a Ander-Egg, Ezequiel 
245 1 0 |a Introducción al trabajo social /  |c Ezequiel Ander-Egg. 
260 |b Lumen  |c 1996  |a Buenos Aires 
300 |a 368 p. 
490 0 |a Política, servicios y trabajo social 
650 4 |a TRABAJO SOCIAL 
653 |a TRABAJO SOCIAL 
900 |a 361.65 ANDIN 
942 |c BK 
952 |0 0  |1 0  |4 0  |6 361_650000000000000_ANDIN  |7 0  |8 General  |9 26048  |a BC  |b BC  |c General  |d 2017-08-03  |l 2  |m 5  |o 361.65 ANDIN  |p 1306543  |r 2026-01-13 00:00:00  |s 2017-12-04  |t 1  |w 2017-08-03  |y BK 
999 |c 12805  |d 12805